Analýza skúseností MSP s vypracúvaním projektov v kontexte s čerpaním finančných zdrojov z Európskej únie
Objasnenie situácie v oblasti skúseností malých a stredných podnikateľov v SR s vypracúvaním projektov na získanie financií zo štrukturálnych fondov.
Salvato in:
| Autore principale: | |
|---|---|
| Natura: | Capitolo di libro |
| Lingua: | slovacco |
| Soggetti: | |
| Tags: |
Nessun Tag, puoi essere il primo ad aggiungerne!!
|
MARC
| LEADER | 00000naa a2200000 4500 | ||
|---|---|---|---|
| 001 | 0142133 | ||
| 005 | 20220919105616.0 | ||
| 041 | 0 | |a slo | |
| 044 | |a SK | ||
| 245 | 1 | 0 | |a Analýza skúseností MSP s vypracúvaním projektov v kontexte s čerpaním finančných zdrojov z Európskej únie |c Monika Sobeková Majková |
| 520 | |a Objasnenie situácie v oblasti skúseností malých a stredných podnikateľov v SR s vypracúvaním projektov na získanie financií zo štrukturálnych fondov. | ||
| 610 | 2 | 0 | |a Európska únia |
| 610 | 2 | 0 | |a fondy štruktúrne |
| 610 | 2 | 0 | |a riadenie projektové |
| 610 | 2 | 0 | |a projekty medzinárodné |
| 610 | 2 | 0 | |a zdroje finančné |
| 610 | 2 | 0 | |a fondy Európskej únie |
| 610 | 2 | 0 | |a podnik malý |
| 610 | 2 | 0 | |a podnik stredný |
| 610 | 2 | 0 | |a Slovensko |
| 100 | 1 | |a Sobeková Majková, Monika | |